Šachy - hra královská /

Hlavní autor: Alster, Ladislav, 1927-1991
Jazyk: Čeština
Vydáno: Praha : Práce, 1987
Vydání: 1. vyd.
Edice: Delfín (Práce)
Témata:
Externí odkaz: Digitalizovaný dokument
Fyzický popis: 293 s. : obr. ; 21 cm
Knihy
Uloženo v:
LEADER 01112nam a22003132a 4500
001 000057879
003 CZ BrMZK
005 20260401121102.0
007 ta
008 010907s1987 xr a f cze d
015 |a cnb000036441 
035 |a (OCoLC)18714720 
040 |a BOA001  |b cze 
080 |a 794.1.(075)  |2 MRF 
100 1 |a Alster, Ladislav,  |d 1927-1991  |7 jk01010193  |4 aut 
245 1 0 |a Šachy - hra královská /  |c Ladislav Alster 
250 |a 1. vyd. 
260 |a Praha :  |b Práce,  |c 1987 
300 |a 293 s. :  |b obr. ;  |c 21 cm 
490 1 |a Delfín 
504 |a Obsahuje bibliografii 
830 0 |a Delfín (Práce)  |0 s 
856 4 1 |u https://www.digitalniknihovna.cz/mzk/uuid/uuid:5f8670c0-8416-11e3-a606-005056827e51  |y Digitalizovaný dokument 
910 |a BOA001  |b PK-Š-0001.665  |b 2-0924.743 
920 |a 000096256 
964 |a Šachy - příručky pro začátečníky 
990 |a BK 
996 7 |b 2619986323  |c 2-0924.743  |l MZK  |r Sklad / do 1 hodiny  |n 24  |w 000057879  |u 000020  |a 1  |e BOA001  |j MZK50  |s A 
996 7 |b 3119974935  |c PK-Š-0001.665  |l MZK  |r Sklad / do 1 hodiny  |n 23  |w 000057879  |u 000010  |a 1  |e BOA001  |j MZK50  |s A